Famous Siblings - Statistics

General Stats
  • This quiz has been taken 94 times
  • The average score is 10 of 15
Answer Stats
First Names Surnames % Correct
Kim, Kylie, Khloe, Kourtney, Kendall and Rob Kardashian
93%
Jaden and Willow Smith
91%
Chris, Liam, and Luke Hemsworth
86%
Alec, Stephen, William and Daniel Baldwin
84%
Dakota and Elle Fanning
82%
Kevin, Joe and Nick Jonas
82%
Macaulay and Kieran Culkin
76%
Gigi and Bella Hadid
76%
Ben and Casey Affleck
74%
Jake and Maggie Gyllenhaal
69%
Luke, Andrew and Owen Wilson
69%
Timothee and Pauline Chalamet
64%
Taylor and Austin Swift
53%
Billie and Finneas O'Connell
15%
Natalie and Nicole Appleton
11%
No matching quizzes found
Score Distribution
Percent of People with Each Score
Percentile by Number Answered
Your Score History
You have not taken this quiz